000 00759nam a2200181 a 4500
008 060705s2006 ||||||||||||||||| || u
050 _aIBRD(08)PRWP/3885
100 _aLopez-Garcia, Paloma
245 1 0 _aBusiness environment and labor market outcomes in Europe and Central Asian Countries
260 _aWashington, D. C
_bWorld Bank
_c2006
300 _a38p.;ill.
350 _a0.00
490 _aWorld Bank policy research working papers
650 _aBUSINESS ENVIRONMENT--RESEARCH--ECA COUNTRIES
650 _aLABOR MARKET--RESEARCH--ECA COUNTRIES
650 0 _aECONOMICS
995 _D0.00
_FCBU-MAIN LIBRARY (Kitwe)
_H1
_I0.00
_M1
_UAVAILABLE
_WJul 5, 2006
_ZInternational Publications
999 _c36438
_d36438